Las joyas de la Castafiore / (Registro nro. 9346)

Detalles MARC
000 -LIDER
fixed length control field 00585nam a22002297a 4500
001 - NÚMERO DE CONTROL
Identificador de número de control 000196
003 - IDENTIFICACDOR DE NÚMERO DE CONTROL
control field DO-SdBNP
005 - DATE AND TIME OF LATEST TRANSACTION
control field 20180223133139.0
007 - CAMPOS FIJOS DE DESCRIPCIÓN FÍSICA
fixed length control field 000196
008 - ELEMENTOS DE LONGITUD FIJA
fixed length control field 151210b 1968 sp a 00| 0 spa d
040 ## - FUENTE DE CATALOGACIÓN
Agencia que crea de manera original el registro BPMSU
Idioma de catalogación spa
Agencia que realiza la transcripción BPMSU
100 1# - ASIENTO PRINCIPAL -- NOMBRE PERSONAL
Nombre personal Hergé
245 14 - MENCIÓN DE TITULO
Título Las joyas de la Castafiore /
Mención de responsabilidad Hergé
250 ## - MENCIÓN DE EDICION
Mención de edición 3a. ed.
260 ## - PUBLICACIÓN, DISTRIBUCIÓN, ETC. (PIE DE IMPRENTA)
Lugar de publicación, distribución, etc Barcelona ;
Nombre del editor, distribuidor, etc. Juventud,
Fecha de publicación, distribución, etc 1968.
300 ## - DESCRIPCIÓN FÍSICA
Extensión 62 ;
Otros detalles físicos il.
Dimensiones 29 cm.
490 1# - MENCIÓN DE SERIES
Mención de serie Las aventuras de Tintin
830 #0 - ASIENTO SECUNDARIO DE SERIE--TÍTULO UNIFORME
Título uniforme Las aventuras de Tintin
942 ## - ADDED ENTRY ELEMENTS (KOHA)
Source of classification or shelving scheme Dewey Decimal Classification
Koha item type Libros
945 ## - INFORMACIÓN DE PROCESAMIENTO LOCAL
Información de procesamiento local Inventariado, 2018/MFF
956 ## - LOCAL ELECTRONIC LOCATION AND ACCESS (OCLC)
Nombre de host Yngrid Lockward
Número de acceso 10
Existencias
Withdrawn status Lost status Source of classification or shelving scheme Damaged status Not for loan Collection code Home library Current library Date acquired Source of acquisition Total Checkouts Barcode Date last seen Price effective from Koha item type
    Dewey Decimal Classification     Colección Infantil General Biblioteca Pública Metropolitana Salomé Ureña Biblioteca Pública Metropolitana Salomé Ureña 03/21/2016 Donación   BPMSU16030226 03/21/2016 03/21/2016 Libros